|
|
|
|
| LEADER |
01054nam a2200313 i 4500 |
| 001 |
001654010 |
| 003 |
CZ BrMZK |
| 005 |
20190109131014.0 |
| 007 |
ta |
| 008 |
181031s2018 gw g 000 f ger |
| 020 |
|
|
|a 978-3-518-42825-2
|q (vázáno)
|
| 040 |
|
|
|a BOA001
|b cze
|e rda
|
| 072 |
|
7 |
|a 821.112.2-3
|x Německá próza, německy psaná
|2 Konspekt
|9 25
|
| 080 |
|
|
|a 821.112.2-31
|2 MRF
|
| 080 |
|
|
|a (0:82-311.6)
|2 MRF
|
| 100 |
1 |
|
|a Thome, Stephan,
|d 1972-
|7 mzk2010599265
|4 aut
|
| 245 |
1 |
0 |
|a Gott der Barbaren :
|b Roman /
|c Stephan Thome
|
| 250 |
|
|
|a Erste Auflage
|
| 264 |
|
1 |
|a Berlin :
|b Suhrkamp,
|c 2018
|
| 300 |
|
|
|a 715 stran ;
|c 22 cm
|
| 336 |
|
|
|a text
|b txt
|2 rdacontent
|
| 337 |
|
|
|a bez média
|b n
|2 rdamedia
|
| 338 |
|
|
|a svazek
|b nc
|2 rdacarrier
|
| 655 |
|
7 |
|a německé romány
|7 fd132945
|2 czenas
|
| 655 |
|
7 |
|a historické romány
|7 fd132414
|2 czenas
|
| 910 |
|
|
|a BOA001
|b NK-0007.855
|
| 990 |
|
|
|a BK
|
| 991 |
|
|
|b 201901
|c NOV
|x 44
|
| 996 |
7 |
|
|b 261D010302
|c NK-0007.855
|l Německá knihovna/2.patro
|r ZHR
|n 2
|p dar
|h B-tho
|w 001692971
|u 000010
|a 0
|e BOA001
|j MZK50
|s A
|